000
00214nam a2200109Ia 4500
100
_a
Reddy/Nirdosh
942
_c
BK
245
_a
Becoming Globally competitive
260
_b
none
546
_a
ENGLISH
999
_c
20300
_d
20300